| 000 | 01235cam a22003375a 4500 | ||
|---|---|---|---|
| 001 | 3979862 | ||
| 005 | 20171009115427.0 | ||
| 008 | 950908t1996 dcu frb 001 0 eng d | ||
| 020 | _a0815702191 | ||
| 020 | _a9780815702191 | ||
| 040 |
_aDLC _cDLC _dDLC _dEG-ScBUE _beng |
||
| 043 | _af------ | ||
| 082 | 0 | 4 |
_222 _a338.96 _bAKE |
| 100 | 1 | _aAke, Claude. | |
| 245 | 1 | 0 |
_aDemocracy and development in Africa / _cClaude Ake. |
| 260 |
_aWashington : _bBrookings Institution, _cc.1996. |
||
| 300 |
_ax, 173 p. ; _c24 cm. |
||
| 500 | _aIndex : p. 167-173. | ||
| 504 | _aBibliography : p. 161-166. | ||
| 505 | 0 | _aThe development paradigm and its politics -- Confusion of agendas -- Improbable strategies -- Blocked options -- The residual option. | |
| 650 | 7 |
_aPressure groups _zAfrica. _2BUEsh |
|
| 650 | 7 |
_aEconomic development _xPolitical aspects. _2BUEsh _913454 |
|
| 650 | 7 |
_aDemocracy _zAfrica. _2BUEsh _928799 |
|
| 651 | 7 |
_aAfrica _xEconomic conditions _y1960- _2BUEsh _932332 |
|
| 651 | 7 |
_aAfrica _xEconomic policy. _2BUEsh _932385 |
|
| 651 | 7 |
_aAfrica _xPolitics and government _y1960- _2BUEsh _936196 |
|
| 651 | 7 |
_aAfrica _xColonial influence. _2BUEsh |
|
| 653 |
_bBUSBOL _cOctober2017 |
||
| 655 |
_vText book _933728 |
||
| 942 | _2ddc | ||
| 999 |
_c25469 _d25441 |
||